|
|
|
|
| LEADER |
00000nab a2200000 a 4500 |
| 001 |
vtls000887617 |
| 003 |
SK-MaSNL |
| 005 |
20260304223858.0 |
| 008 |
250429c2004 xo 0 slo |
| 015 |
|
|
|a SNBRB2004/10-29629
|
| 035 |
|
|
|a CLN000239052
|
| 035 |
|
|
|a (urnnbn)urn:nbn:sk:snk:ar-006660
|
| 035 |
|
|
|a (uuid)9894e819-4ba1-4303-b069-8a3a2268585e
|
| 035 |
|
|
|a urn:nbn:sk:snk-ab8316
|
| 040 |
|
|
|a SNKBUCL
|b slo
|c SNKBUCL
|e AACR2
|
| 041 |
0 |
|
|a slo
|
| 044 |
|
|
|a xo
|c SK
|
| 080 |
|
|
|a 727.7(430)
|2 1997
|
| 100 |
1 |
|
|a Esterleová, Martina
|4 aut
|9 1146717
|
| 245 |
1 |
0 |
|a Novostavba galérie mesta Stuttgart
|c spracovala Martina Esterleová
|
| 300 |
|
|
|b Fotogr., obr.
|
| 500 |
|
|
|a Projekt: Hascher & Jehle
|
| 650 |
0 |
7 |
|a galérie
|2 snkbucl
|9 21513
|
| 650 |
0 |
7 |
|a architektúra
|2 snkbucl
|9 722
|
| 651 |
|
7 |
|a Stuttgart (Nemecko)
|2 snkbucl
|9 30633
|
| 655 |
|
7 |
|a články z novín a časopisov
|2 snkbucl
|9 267496
|
| 773 |
0 |
|
|t Fórum architektúry
|g Roč. 14, č. 10 (2004), s. 12-13
|x 1336-0264
|
| 850 |
|
|
|a Slovenská národná knižnica
|
| 852 |
|
|
|a Slovenská národná knižnica
|
| 954 |
|
|
|a odborná, vedecká literatúra pôvodná (slovenská)
|2 lita
|
| 958 |
|
|
|a article9
|
| 958 |
|
|
|a DE
|
| 958 |
|
|
|a OND
|
| 958 |
|
|
|a EUIPO
|
| 992 |
|
|
|a RBX
|
| 999 |
|
|
|c 3170108
|d 3172038
|